Three words, one country #4 - Statistics

General Stats
  • This quiz has been taken 632 times
    596 since last reset
  • The average score is 9 of 16
Answer Stats
Hint Answer % Correct
Balkan, Transylvania, Bucharest Romania
87%
Baltic, Tallinn, Finnic Estonia
86%
Bruges, NATO, Gaul Belgium
83%
Mediterranean, Khirokitia, Nicosia Cyprus
83%
Persian, Gulf, Doha Qatar
80%
Landlocked, Sahara, Niamey Niger
69%
Megadiverse, Latin, American Brazil
64%
Dakar, French, River Senegal
64%
Oecusse, Dili, Catholocism East Timor
55%
Polynesian, Archipelago, Tongatapu Tonga
49%
Hashemite, Abdullah, Edom Jordan
45%
Antillean, Creole, Jaragua Haiti
43%
Noror, Micronesia, Caroline Palau
39%
Pulau, Ujong, Malay Singapore
38%
Arabic, Omdurman, Kush Sudan
35%
Tropical, Sub-Saharan, Kotocoli Togo
13%
No matching quizzes found
Score Distribution
Percent of People with Each Score
Percentile by Number Answered
Your Score History
You have not taken this quiz since the last reset